Oxford Fajar advanced learner's English-Malay dictionary

Bibliographic Details
Main Author: Hornby, A. S. (Author)
Other Authors: Asmah Haji Omar (Editor)
Format: Book
Language:English
Published: Shah Alam : Penerbit Fajar Bakti 2000
Subjects:

MARC

LEADER 00000cam a2200000 7i4500
001 0000008406
005 20241003.0
008 231031 my a eng
020 |a 9676555592 (pbk) 
040 |a INS   |b eng   |e rda 
090 0 0 |a RPE1625   |b .H67 2000 
100 1 |a Hornby, A. S. ,   |e author 
245 1 0 |a Oxford Fajar advanced learner's English-Malay dictionary   |c A. S. Hornby   |f penterjemah dan editor umum Profesor Dato' Dr. Asmah Haji Omar 
264 1 |a Shah Alam :   |b Penerbit Fajar Bakti   |c 2000 
300 |a xvi, 2221 pages :   |b illustrations ;   |c 26 cm. 
336 |a text  |2 rdacontent 
337 |a unmediated  |2 rdamedia 
338 |a volume  |2 rdacarrier 
650 0 |a English language   |x Dictionaries 
700 0 |a Asmah Haji Omar ,   |e editor 
999 |a 0000008039   |b BOOK   |c Red Spot   |e Default branch